Sajian biskut diabetes

Bibliographic Details
Main Author: Sankan Paran
Other Authors: Siti Salasiah Tamam
Format: Book
Published: KL : SynergyMedia , [s.n]
Series:Siri resipi kuih & kek terbaik
Subjects:

MARC

LEADER 00000cam a2200000 7i4500
001 0000035812
005 20130521.0
008 130521
020 |a 9673716043 
090 0 0 |a 641.8653   |b SAN 
100 0 |a Sankan Paran 
245 1 0 |a Sajian biskut diabetes   |c Sankan Paran; editor Siti Salasiah Tamam 
260 |a KL :   |b SynergyMedia ,   |c [s.n] 
440 |a Siri resipi kuih & kek terbaik 
650 0 |a Biscuit 
700 0 |a Siti Salasiah Tamam 
999 |a 0000502830   |b Book   |c Adult Collection   |e Cawangan Muar 
999 |a 0001199366   |b Book   |c Adult Collection   |e Cawangan Bandar Tenggara 
999 |a 0001199367   |b Book   |c Adult Collection   |e Cawangan Mersing 
999 |a 0001199368   |b Book   |c Adult Collection   |e Cawangan Muar 
999 |a 0001199380   |b Book   |c Adult Collection   |e Cawangan Bandar Penawar 
999 |a 0001199382   |b Book   |c Adult Collection   |e Cawangan Tangkak 
999 |a 0001199383   |b Book   |c Adult Collection   |e Perbadanan Perpustakaan Awam Johor